Sanctus Gregorius Magnus In Canticum canticorum, In librum primum Regum /

Saved in:
Bibliographic Details
Corporate Author: CETEDOC.
Other Authors: Gregory I, Pope, approximately 540-604.
Format: Book
Language:Latin
Published: Turnhout : Brepols, 1982.
Series:Instrumenta lexicologica Latina. Enumeratio formarum, concordantia formarum, index formarum a tergo ordinatarum ; fasc. 8.
Corpus Christianorum. Series Latina ; 144, Suppl. A.
Subjects:
Tags: Add Tag
No Tags, Be the first to tag this record!
LEADER 01715cam a2200325uu 4500
001 001064458-X
005 20050319124527.0
008 830204s1982 be i 00000 lat d
020 |a 2503614426 
035 0 |a ocm10647731 
035 0 |a ocm09190764 
040 |a PKT  |c PKT 
041 0 |a latfre 
245 0 0 |a Sanctus Gregorius Magnus In Canticum canticorum, In librum primum Regum /  |c ; curante CETEDOC, Universitas Catholica Lovaniensis, Lovanii Novi. 
246 3 |a In canticum canticorum 
260 |a Turnhout :  |b Brepols,  |c 1982. 
300 |a 108 p. ;  |c 25 cm. +  |e 18 microfiches negative ; (11 x 15 cm.) 
490 1 |a Instrumenta lexicologica Latina. Series A, Enumeratio formarum, concordantia formarum, index formarum a tergo ordinatarum ;  |v fasc. 8 
500 |a Introduction and notes in French. 
500 |a Key word concordance to: Sancti Gregorii Magni Expositiones : in Canticum canticorum, in librum primum Regum / recensuit Patricius Verbraken. --Turnholti, Brepols, 1963 (Corpus Christianorum. Series latina ; 144) 
500 |a Eighteen microfiches in pocket. 
600 0 0 |a Gregory  |b I,  |c Pope,  |d approximately 540-604.  |t In librum primum regum  |v Concordances. 
600 0 0 |a Gregory  |b I,  |c Pope,  |d approximately 540-604.  |t In canticum canticorum  |v Concordances. 
700 0 |a Gregory  |b I,  |c Pope,  |d approximately 540-604.  |t In librum primum regum. 
700 0 |a Gregory  |b I,  |c Pope,  |d approximately 540-604.  |t In canticum canticorum. 
710 2 |a CETEDOC. 
830 0 |a Instrumenta lexicologica Latina.  |n Series A,  |p Enumeratio formarum, concordantia formarum, index formarum a tergo ordinatarum ;  |v fasc. 8. 
830 0 |a Corpus Christianorum.  |p Series Latina ;  |v 144, Suppl. A. 
988 |a 20020608 
906 |0 OCLC